Přeskočit na obsah

Сонатины для фортепиано. Соч. 151, 168 ноты

Антон Диабелли (1781–1858) – австрийский композитор, педагог, редактор и музыкальный издатель. Из композиторского наследия Диабелли наибольшей популярностью пользуются его произведения для фортепиано, в частности, сонатины, прочно входящие в репертуар юных пианистов. В настоящий сборник вошли четыр...

Celý popis

Uloženo v:
Podrobná bibliografie
Hlavní autor: Диабелли А.
Médium: Книга
Jazyk:Russian
Vydáno: Санкт-Петербург Планета музыки 2024
Vydání:4-е изд., стер.
Témata:
On-line přístup:https://e.lanbook.com/book/366107
https://e.lanbook.com/img/cover/book/366107.jpg
Tagy: Přidat tag
Žádné tagy, Buďte první, kdo otaguje tento záznam!
LEADER 02357nam0a2200445 i 4500
001 366107
003 RuSpLAN
005 20240228125139.0
008 240228s2024 ru gs 000 0 rus
020 |a 978-5-507-48709-7 
040 |a RuSpLAN 
041 0 |a rus 
044 |a ru 
080 |a 786 
084 |a 85.954.2  |2 rubbk 
245 0 0 |a Сонатины для фортепиано. Соч. 151, 168  |b ноты  |c Диабелли А. 
250 |a 4-е изд., стер. 
260 |a Санкт-Петербург  |b Планета музыки  |c 2024 
300 |a 88 с. 
504 |a Библиогр.: доступна в карточке книги, на сайте ЭБС Лань 
520 8 |a Антон Диабелли (1781–1858) – австрийский композитор, педагог, редактор и музыкальный издатель. Из композиторского наследия Диабелли наибольшей популярностью пользуются его произведения для фортепиано, в частности, сонатины, прочно входящие в репертуар юных пианистов. В настоящий сборник вошли четыре сонатины, соч. 151, и семь сонатин, соч. 168. Издание предназначено для учащихся детских музыкальных школ и студентов музыкальных училищ, а также для широкого круга любителей фортепианной музыки. 
521 8 |a Книга из коллекции Планета музыки - Музыка и театр 
653 0 |a Диабелли 
653 0 |a диабелли 
653 0 |a Диабели 
653 0 |a диабели 
653 0 |a сонатины 
653 0 |a сонаты 
653 0 |a ноты для фортепиано 
653 0 |a фортепиано 
653 0 |a для фортепиано 
653 0 |a ф-но 
653 0 |a для фно 
653 0 |a фно 
653 0 |a ф но 
653 0 |a ноты 
100 1 |a Диабелли А. 
856 4 |u https://e.lanbook.com/book/366107 
856 4 8 |u https://e.lanbook.com/img/cover/book/366107.jpg 
953 |a https://e.lanbook.com/img/cover/book/366107.jpg 
Cannot write session to /tmp/vufind_sessions/sess_k99sa44c14anril1mgijlsvk4j